header

Hand of fire (Record no. 141439)

MARC details
000 -LEADER
fixed length control field 02729nam a2200373 a 4500
082 04 - DEWEY DECIMAL CLASSIFICATION NUMBER
Classification number 741.5/973
100 1# - MAIN ENTRY--AUTHOR NAME
Personal name Hatfield, Charles,
245 10 - TITLE STATEMENT
Title Hand of fire
260 ## - PUBLICATION, DISTRIBUTION, ETC. (IMPRINT)
Place of publication Jackson :
Name of publisher University Press of Mississippi,
Year of publication 2012.
300 ## - PHYSICAL DESCRIPTION
Number of Pages x, 297 p., 8 p. of plates :
Other physical details ill. (some col.).
490 1# - SERIES STATEMENT
Series statement Great comics artists series
520 ## - SUMMARY, ETC.
Summary, etc "Jack Kirby (1917-1994) is one of the most influential and popular artists in comics history. With Stan Lee, he created the Fantastic Four and defined the drawing and narrative style of Marvel Comics from the 1960s to the present day. Kirby is credited with creating or cocreating a number of Marvel's mainstay properties, among them the X-Men, the Hulk, Thor, and the Silver Surfer. His earlier work with Joe Simon led to the creation of Captain America, the popular kid gang and romance comic genres, and one of the most successful comics studios of the 1940s and 1950s. Kirby's distinctive narrative drawing, use of bold abstraction, and creation of angst-ridden and morally flawed heroes mark him as one of the most influential mainstream creators in comics.In this book, Charles Hatfield examines the artistic legacy of one of America's true comic book giants. He analyzes the development of Kirby's cartooning technique, his use of dynamic composition, the recurring themes and moral ambiguities in his work, his eventual split from Lee, and his later work as a solo artist. Against the backdrop of Kirby's earlier work in various genres, Hand of Fire examines the peak of Kirby's career, when he introduced a new sense of scope and sublimity to comic book fantasy"--
650 #0 - SUBJECT ADDED ENTRY--TOPICAL TERM
Topical Term Cartoonists
856 40 - ELECTRONIC LOCATION AND ACCESS
Uniform Resource Identifier http://site.ebrary.com/lib/rucke/Doc?id=10521468
520 ## - SUMMARY, ETC.
-- Provided by publisher.

No items available.

© 2026 Rongo University
Contact us: librarian | system librarian | Rongo university